[Event "4. Obert Internacional Masdenverge 2015"]
[Site "Masdenverge ESP"]
[Date "2015.06.27"]
[Round "5.2"]
[White "Panella Navarro, Sergi"]
[Black "Perez Gisbert, Santiago"]
[Result "0-1"]
[WhiteElo "2184"]
[BlackElo "1938"]
[PlyCount "152"]
[EventDate "2015.06.26"]
[EventType "swiss"]
[EventRounds "7"]
[EventCountry "ESP"]
[SourceTitle "Ajedrez en Madrid"]
[Source "lmi"]
[SourceDate "2015.06.26"]
[SourceVersion "1"]
[SourceVersionDate "2018.04.15"]
[SourceQuality "1"]

1. e4 e6 2. d4 d5 3. Nd2 Nf6 4. e5 Nfd7 5. Bd3 c5 6. c3 Nc6 7. Ngf3 g6 8. O-O
Bg7 9. Re1 O-O 10. Nf1 cxd4 11. cxd4 f6 12. exf6 Nxf6 13. Ng3 Qb6 14. Bc2 Bd7
15. h4 Ng4 16. Be3 Nxe3 17. fxe3 Qc7 18. Ne2 Bh6 19. Ng5 Qd8 20. Nf4 Bxg5 21.
hxg5 Qxg5 22. Rf1 Ne7 23. Rc1 Rac8 24. Qd2 Nc6 25. b4 Qe7 26. a3 Rf6 27. b5 Nd8
28. Qa5 g5 29. Nd3 Rxf1+ 30. Kxf1 Nf7 31. a4 Nd6 32. Ne5 b6 33. Qd2 Nc4 34.
Nxc4 dxc4 35. e4 Be8 36. Bb3 Bxb5 37. axb5 Rf8+ 38. Kg1 cxb3 39. Rc3 Rf4 40. d5
exd5 41. exd5 b2 42. Qxb2 Qe1+ 43. Kh2 Rh4+ 44. Rh3 g4 45. Rxh4 Qxh4+ 46. Kg1
g3 47. Qe5 Qh2+ 48. Kf1 Qh1+ 49. Ke2 Qxg2+ 50. Kd3 Qf1+ 51. Kd2 Qf2+ 52. Kd3
Qf3+ 53. Kd2 g2 54. Qe8+ Kg7 55. Qe7+ Kg6 56. Qe8+ Kg5 57. Qe5+ Kh4 58. Qe7+
Kg3 59. Qg5+ Qg4 60. Qe3+ Kh2 61. Qh6+ Qh3 62. Qf4+ Kh1 63. Qe4 h5 64. d6 Kh2
65. Qf4+ Kh1 66. Qe4 h4 67. Ke2 Kh2 68. Qf4+ Qg3 69. Qxg3+ hxg3 70. d7 g1=Q 71.
d8=Q Qf2+ 72. Kd3 g2 73. Qh8+ Kg1 74. Ke4 Kf1 75. Qh3 Qe2+ 76. Kd4 Ke1 0-1

[Event "4. Obert Internacional Masdenverge 2015"]
[Site "Masdenverge ESP"]
[Date "2015.06.27"]
[Round "5.3"]
[White "Palacios Herrero, Pablo"]
[Black "Asensio Linan, Teodoro"]
[Result "0-1"]
[WhiteElo "2064"]
[BlackElo "2168"]
[PlyCount "104"]
[EventDate "2015.06.26"]
[EventType "swiss"]
[EventRounds "7"]
[EventCountry "ESP"]
[SourceTitle "Ajedrez en Madrid"]
[Source "lmi"]
[SourceDate "2015.06.26"]
[SourceVersion "1"]
[SourceVersionDate "2018.04.15"]
[SourceQuality "1"]

1. e4 d5 2. exd5 Qxd5 3. Nc3 Qa5 4. d4 Nf6 5. Bc4 Bg4 6. Nge2 e6 7. Bd2 c6 8.
O-O Nbd7 9. Ne4 Qb6 10. Nxf6+ Nxf6 11. Be3 Bd6 12. h3 Bh5 13. Qd2 Qc7 14. Bf4
Rd8 15. Bxd6 Qxd6 16. Rad1 O-O 17. Qe3 Rd7 18. Rd2 Qb4 19. Qc3 Qd6 20. Qe3 Qb4
21. Qc3 Qb6 22. Ng3 Bg6 23. Qb3 Qa5 24. Rfd1 Rfd8 25. Qe3 b5 26. Bb3 c5 27. c3
c4 28. Bc2 Bxc2 29. Rxc2 Qxa2 30. Ne4 Nxe4 31. Qxe4 Rd5 32. Qe1 Qa5 33. Re2 Qc7
34. Ra1 h6 35. Ra6 Rg5 36. Qa1 Rd7 37. g3 h5 38. h4 Rf5 39. Re1 Qb7 40. Ra2 b4
41. Re3 bxc3 42. bxc3 Rb5 43. Re1 Rb3 44. Ra5 Qf3 45. Re3 Qa8 46. Rxh5 Qb7 47.
Re1 Qf3 48. Qa4 Qxc3 49. Qxd7 Qxe1+ 50. Kg2 Qe4+ 51. Kh2 Rb8 52. Qxa7 Rb1 0-1

[Event "4. Obert Internacional Masdenverge 2015"]
[Site "Masdenverge ESP"]
[Date "2015.06.27"]
[Round "5.4"]
[White "Buch Prades, Joan"]
[Black "Guasch Figuerola, Agusti"]
[Result "0-1"]
[WhiteElo "2093"]
[BlackElo "2055"]
[PlyCount "81"]
[EventDate "2015.06.26"]
[EventType "swiss"]
[EventRounds "7"]
[EventCountry "ESP"]
[SourceTitle "Ajedrez en Madrid"]
[Source "lmi"]
[SourceDate "2015.06.26"]
[SourceVersion "1"]
[SourceVersionDate "2018.04.15"]
[SourceQuality "1"]

1. d4 e6 2. c4 f5 3. Nc3 Nf6 4. Nf3 Bb4 5. Qc2 b6 6. a3 Bxc3+ 7. Qxc3 Bb7 8. e3
O-O 9. Bd3 d6 10. b4 a5 11. Bb2 axb4 12. axb4 Rxa1+ 13. Bxa1 Ne4 14. Qc2 Nd7
15. O-O Ndf6 16. Ne1 Ng4 17. h3 Ngf6 18. Nf3 Qe7 19. Rb1 Ra8 20. Qb2 g5 21. c5
g4 22. hxg4 fxg4 23. Nh2 g3 24. fxg3 Qg7 25. g4 Nxg4 26. Nxg4 Qxg4 27. d5 e5
28. c6 Bc8 29. Qc2 Ng5 30. Qe2 Qg3 31. Qh5 Bh3 32. Bxh7+ Kg7 33. Be4 Nxe4 34.
Qxh3 Qxh3 35. gxh3 Ra3 36. Rf1 Rxe3 37. h4 Nf6 38. Rf2 Re4 39. Rh2 Rxb4 40. Kf2
Re4 41. Kf3 0-1

[Event "4. Obert Internacional Masdenverge 2015"]
[Site "Masdenverge ESP"]
[Date "2015.06.27"]
[Round "5.5"]
[White "Fernandez Alonso, Miquel A."]
[Black "Jausas Lopez, Andrea"]
[Result "1-0"]
[WhiteElo "2068"]
[BlackElo "1638"]
[PlyCount "91"]
[EventDate "2015.06.26"]
[EventType "swiss"]
[EventRounds "7"]
[EventCountry "ESP"]
[SourceTitle "Ajedrez en Madrid"]
[Source "lmi"]
[SourceDate "2015.06.26"]
[SourceVersion "1"]
[SourceVersionDate "2018.04.15"]
[SourceQuality "1"]

1. d4 d5 2. c4 c6 3. e3 Nf6 4. Nc3 e6 5. b3 Nbd7 6. Nf3 Bd6 7. Be2 O-O 8. O-O
b6 9. a4 Qe7 10. Bb2 a5 11. Rc1 Ba6 12. Qc2 c5 13. Nb5 Bxb5 14. axb5 Rac8 15.
Bd3 h6 16. h3 Rc7 17. Qb1 Rfc8 18. Rfd1 e5 19. dxe5 Nxe5 20. Be2 dxc4 21. bxc4
Rd7 22. Qa1 Re8 23. Kf1 Bb8 24. Rxd7 Nexd7 25. Rd1 Nf8 26. Bxf6 gxf6 27. Rd5
Ng6 28. Qd1 Qe6 29. Bd3 Be5 30. Bxg6 fxg6 31. Qd3 Qf7 32. Rd7 Re7 33. Rxe7 Qxe7
34. Qxg6+ Qg7 35. Qd3 Qc7 36. Qd5+ Kf8 37. Qa8+ Kf7 38. Ke2 Qd6 39. Nd2 Qe6 40.
Qb7+ Kg6 41. g4 f5 42. gxf5+ Kxf5 43. Qe4+ Kf6 44. Qh7 Kg5 45. Nf3+ Kh5 46. Qe4
1-0

[Event "4. Obert Internacional Masdenverge 2015"]
[Site "Masdenverge ESP"]
[Date "2015.06.27"]
[Round "5.6"]
[White "Colls Gelaberto, Emili"]
[Black "Zambrana Petisme, Ramiro"]
[Result "0-1"]
[WhiteElo "2164"]
[BlackElo "1964"]
[PlyCount "86"]
[EventDate "2015.06.26"]
[EventType "swiss"]
[EventRounds "7"]
[EventCountry "ESP"]
[SourceTitle "Ajedrez en Madrid"]
[Source "lmi"]
[SourceDate "2015.06.26"]
[SourceVersion "1"]
[SourceVersionDate "2018.04.15"]
[SourceQuality "1"]

1. Nf3 Nf6 2. c4 g6 3. Nc3 Bg7 4. e4 d6 5. d4 O-O 6. h3 e5 7. dxe5 dxe5 8. Qxd8
Rxd8 9. Nd5 Nxd5 10. cxd5 c6 11. Bc4 cxd5 12. Bxd5 Nd7 13. Bg5 Re8 14. Rc1 h6
15. Bh4 g5 16. Bg3 Nf6 17. Rd1 Nxd5 18. Rxd5 Be6 19. Rb5 Rac8 20. O-O Bc4 21.
Rxb7 Bxf1 22. Kxf1 Rb8 23. Rxa7 Rxb2 24. a4 Rb4 25. Nd2 Rd4 26. Nb3 Rxe4 27.
Kg1 Rb4 28. Nc5 e4 29. a5 Bd4 30. Rc7 Rb5 31. Nb7 Re6 32. Nd8 Rf6 33. Rc4 Bxf2+
34. Bxf2 Rb1+ 35. Kh2 Rxf2 36. Rxe4 Rbb2 37. Kg3 Rxg2+ 38. Kf3 Rbf2+ 39. Ke3
Re2+ 40. Kf3 Rgf2+ 41. Kg3 Rxe4 42. Kxf2 Re8 43. Nb7 Ra8 0-1

[Event "4. Obert Internacional Masdenverge 2015"]
[Site "Masdenverge ESP"]
[Date "2015.06.27"]
[Round "5.7"]
[White "Jordan Martinez, David"]
[Black "Aviol Perez, Jose Mariano"]
[Result "1-0"]
[WhiteElo "2131"]
[BlackElo "1862"]
[PlyCount "51"]
[EventDate "2015.06.26"]
[EventType "swiss"]
[EventRounds "7"]
[EventCountry "ESP"]
[SourceTitle "Ajedrez en Madrid"]
[Source "lmi"]
[SourceDate "2015.06.26"]
[SourceVersion "1"]
[SourceVersionDate "2018.04.15"]
[SourceQuality "1"]

1. d4 d5 2. g3 Nf6 3. Bg2 c5 4. Nf3 Nc6 5. O-O e6 6. b3 Be7 7. Bb2 O-O 8. e3
Ne4 9. Nbd2 f5 10. c4 Bd7 11. cxd5 exd5 12. dxc5 Nxc5 13. Nd4 Nd3 14. Bxd5+ Kh8
15. Bc3 f4 16. Nxc6 Bxc6 17. Bxc6 fxe3 18. fxe3 Bc5 19. Bf3 Bxe3+ 20. Kg2 Rc8
21. Nc4 Bh6 22. Bxb7 Qd7 23. Bxc8 Qc6+ 24. Rf3 Rd8 25. Qe2 Bf4 26. Rd1 1-0

[Event "4. Obert Internacional Masdenverge 2015"]
[Site "Masdenverge ESP"]
[Date "2015.06.27"]
[Round "5.8"]
[White "Romero Pallares, Daniel"]
[Black "Abarca Garcia, Xavier"]
[Result "1/2-1/2"]
[WhiteElo "2070"]
[BlackElo "1806"]
[PlyCount "76"]
[EventDate "2015.06.26"]
[EventType "swiss"]
[EventRounds "7"]
[EventCountry "ESP"]
[SourceTitle "Ajedrez en Madrid"]
[Source "lmi"]
[SourceDate "2015.06.26"]
[SourceVersion "1"]
[SourceVersionDate "2018.04.15"]
[SourceQuality "1"]

1. e4 e6 2. d4 d5 3. exd5 exd5 4. Bd3 c5 5. c3 Nc6 6. Nf3 c4 7. Bc2 Nf6 8. Be3
Bg4 9. Nbd2 Bd6 10. h3 Bh5 11. a4 O-O 12. O-O Bg6 13. Bxg6 hxg6 14. b3 cxb3 15.
Qxb3 Qd7 16. Rab1 b6 17. Rfc1 Rac8 18. Bg5 Nh5 19. Qb5 Bf4 20. c4 Bxg5 21. cxd5
Nb8 22. Qxd7 Nxd7 23. Nxg5 Nf4 24. Kf1 Nxd5 25. Nge4 N7f6 26. Nd6 Rxc1+ 27.
Rxc1 Rd8 28. N2c4 Ne8 29. Nxe8 Rxe8 30. Ne5 Rd8 31. g3 g5 32. Ke2 f6 33. Nf3
Kf7 34. Rc4 Ke6 35. Kd3 Rd7 36. Rc6+ Rd6 37. Rc8 Rd7 38. Rc6+ Rd6 1/2-1/2

[Event "4. Obert Internacional Masdenverge 2015"]
[Site "Masdenverge ESP"]
[Date "2015.06.27"]
[Round "5.9"]
[White "Espuny Sanchis, Anselm"]
[Black "Galimany Rovira, Xavier"]
[Result "0-1"]
[WhiteElo "1958"]
[BlackElo "2060"]
[PlyCount "24"]
[EventDate "2015.06.26"]
[EventType "swiss"]
[EventRounds "7"]
[EventCountry "ESP"]
[SourceTitle "Ajedrez en Madrid"]
[Source "lmi"]
[SourceDate "2015.06.26"]
[SourceVersion "1"]
[SourceVersionDate "2018.04.15"]
[SourceQuality "1"]

1. b3 d5 2. e3 Bf5 3. Bb2 Nf6 4. f4 e6 5. Nf3 h6 6. Be2 Nbd7 7. O-O Bd6 8. Ne5
Qe7 9. d3 O-O-O 10. Nd2 Ne8 11. Nxd7 Rxd7 12. Bxg7 Nxg7 0-1

[Event "4. Obert Internacional Masdenverge 2015"]
[Site "Masdenverge ESP"]
[Date "2015.06.27"]
[Round "5.10"]
[White "Rius Guarch, Daniel"]
[Black "Calvo Simon, Jorge"]
[Result "0-1"]
[WhiteElo "1869"]
[BlackElo "2042"]
[PlyCount "56"]
[EventDate "2015.06.26"]
[EventType "swiss"]
[EventRounds "7"]
[EventCountry "ESP"]
[SourceTitle "Ajedrez en Madrid"]
[Source "lmi"]
[SourceDate "2015.06.26"]
[SourceVersion "1"]
[SourceVersionDate "2018.04.15"]
[SourceQuality "1"]

1. d4 Nf6 2. c4 g6 3. Nf3 Bg7 4. e3 O-O 5. Nc3 d6 6. Be2 b6 7. O-O c5 8. Rb1
Bb7 9. d5 e6 10. e4 a6 11. Bg5 e5 12. Qd2 Qe8 13. b4 cxb4 14. Rxb4 Nbd7 15. Be3
a5 16. Rb2 Ba6 17. Bd3 Qc8 18. Na4 Ng4 19. Bxb6 f5 20. Ng5 Bh6 21. exf5 gxf5
22. h4 e4 23. Be2 Nge5 24. Be3 Nxc4 25. Bxc4 Qxc4 26. Rc1 Qxa4 27. Rc7 Rfc8 28.
Qc3 Bg7 0-1

[Event "4. Obert Internacional Masdenverge 2015"]
[Site "Masdenverge ESP"]
[Date "2015.06.28"]
[Round "6.1"]
[White "Perez Gisbert, Santiago"]
[Black "Roig Aguilar, Alejandro"]
[Result "1/2-1/2"]
[WhiteElo "1938"]
[BlackElo "2199"]
[PlyCount "49"]
[EventDate "2015.06.26"]
[EventType "swiss"]
[EventRounds "7"]
[EventCountry "ESP"]
[SourceTitle "Ajedrez en Madrid"]
[Source "lmi"]
[SourceDate "2015.06.26"]
[SourceVersion "1"]
[SourceVersionDate "2018.04.15"]
[SourceQuality "1"]

1. e4 c5 2. Nf3 Nc6 3. d4 cxd4 4. Nxd4 Qb6 5. Nb3 Nf6 6. Nc3 e6 7. Be3 Qc7 8.
a3 a6 9. Be2 d6 10. O-O Be7 11. Kh1 O-O 12. f4 b5 13. Bf3 Bb7 14. Qe2 Rac8 15.
Rad1 b4 16. axb4 Nxb4 17. Qf2 d5 18. e5 Ne4 19. Bxe4 dxe4 20. Bb6 e3 21. Bxe3
Nd5 22. Nxd5 Bxd5 23. Nd4 f6 24. exf6 Bxf6 25. c3 1/2-1/2

[Event "4. Obert Internacional Masdenverge 2015"]
[Site "Masdenverge ESP"]
[Date "2015.06.28"]
[Round "6.2"]
[White "Asensio Linan, Teodoro"]
[Black "Fernandez Alonso, Miquel A."]
[Result "1-0"]
[WhiteElo "2168"]
[BlackElo "2068"]
[PlyCount "65"]
[EventDate "2015.06.26"]
[EventType "swiss"]
[EventRounds "7"]
[EventCountry "ESP"]
[SourceTitle "Ajedrez en Madrid"]
[Source "lmi"]
[SourceDate "2015.06.26"]
[SourceVersion "1"]
[SourceVersionDate "2018.04.15"]
[SourceQuality "1"]

1. e4 c5 2. Nf3 Nc6 3. Bb5 e6 4. O-O Nge7 5. d4 cxd4 6. Nxd4 a6 7. Be2 Nxd4 8.
Qxd4 Nc6 9. Qe3 Be7 10. c4 O-O 11. Nc3 Bf6 12. Rd1 Qc7 13. b3 d6 14. Bb2 Rd8
15. Rac1 Bd7 16. Nd5 exd5 17. Bxf6 gxf6 18. cxd5 Qa5 19. Qg3+ Kf8 20. Qxd6+ Ne7
21. Rc7 Ke8 22. Rxb7 Qxa2 23. Bg4 Qc2 24. Rxd7 Rxd7 25. Qxd7+ Kf8 26. Qb7 Re8
27. d6 Ng6 28. d7 Rd8 29. Qc8 Qxb3 30. Qxd8+ Kg7 31. Qa5 Ne5 32. Qd5 Qc2 33.
Bh5 1-0

[Event "4. Obert Internacional Masdenverge 2015"]
[Site "Masdenverge ESP"]
[Date "2015.06.28"]
[Round "6.3"]
[White "Guasch Figuerola, Agusti"]
[Black "Fernandez Soriano, Ruben"]
[Result "1/2-1/2"]
[WhiteElo "2055"]
[BlackElo "2131"]
[PlyCount "195"]
[EventDate "2015.06.26"]
[EventType "swiss"]
[EventRounds "7"]
[EventCountry "ESP"]
[SourceTitle "Ajedrez en Madrid"]
[Source "lmi"]
[SourceDate "2015.06.26"]
[SourceVersion "1"]
[SourceVersionDate "2018.04.15"]
[SourceQuality "1"]

1. c4 e5 2. g3 Nc6 3. Bg2 Bc5 4. Nc3 Nf6 5. d3 h6 6. Nf3 O-O 7. O-O d6 8. a3 a6
9. b4 Ba7 10. Bb2 Be6 11. e3 Re8 12. Rc1 Qd7 13. Qc2 Rad8 14. b5 axb5 15. Nxb5
Bb6 16. Rfe1 Bh3 17. Bh1 Bf5 18. Nd2 Ba5 19. Bc3 Bxc3 20. Nxc3 Ne7 21. Nd5 Nh7
22. e4 Be6 23. f4 Bxd5 24. cxd5 c6 25. fxe5 dxe5 26. Nf3 f6 27. dxc6 Nxc6 28.
Red1 Ng5 29. Nxg5 hxg5 30. Bf3 Kh7 31. Qg2 Ra8 32. Ra1 Ra4 33. Qb2 Qd4+ 34.
Qxd4 Nxd4 35. Bg4 Rea8 36. Rdb1 b5 37. Bd7 R4a5 38. Rb2 g6 39. Rab1 Rxa3 40.
Bxb5 f5 41. exf5 gxf5 42. Bc4 Ra1 43. Kf2 Rxb1 44. Rxb1 g4 45. h3 gxh3 46. Rh1
Rc8 47. Rxh3+ Kg6 48. Rh1 Rc5 49. Rh3 Kf6 50. Rh8 e4 51. dxe4 Rxc4 52. exf5
Nxf5 53. Rg8 Kf7 54. Ra8 Rc2+ 55. Kf3 Rc3+ 56. Ke4 Nxg3+ 57. Kd4 Rb3 58. Ra7+
Kg6 59. Rc7 Nf5+ 60. Kc4 Rb1 61. Kd3 Kg5 62. Rc8 Kf4 63. Rf8 Rd1+ 64. Kc3 Rd7
65. Re8 Ng3 66. Rf8+ Ke3 67. Re8+ Ne4+ 68. Kc4 Rd4+ 69. Kb5 Rd5+ 70. Kb4 Kd4
71. Rh8 Rd7 72. Kb5 Rc7 73. Rh4 Rc1 74. Kb6 Ke5 75. Rh5+ Ke6 76. Rh6+ Nf6 77.
Kb5 Ke5 78. Rh8 Nd5 79. Rh5+ Kd6 80. Rh6+ Kd7 81. Rh7+ Ne7 82. Rg7 Kd6 83. Rh7
Rc5+ 84. Kb4 Nd5+ 85. Kb3 Rc3+ 86. Kb2 Rg3 87. Rh8 Kc5 88. Kc2 Nf4 89. Rc8+ Kd4
90. Rd8+ Nd5 91. Kb2 Rg7 92. Kb3 Rb7+ 93. Kc2 Rc7+ 94. Kb3 Rc3+ 95. Kb2 Rc4 96.
Kb3 Rc7 97. Kb2 Ke4 98. Kb3 1/2-1/2

[Event "4. Obert Internacional Masdenverge 2015"]
[Site "Masdenverge ESP"]
[Date "2015.06.28"]
[Round "6.4"]
[White "Pla Andreu, Abraham"]
[Black "Jordan Martinez, David"]
[Result "1-0"]
[WhiteElo "1978"]
[BlackElo "2131"]
[PlyCount "123"]
[EventDate "2015.06.26"]
[EventType "swiss"]
[EventRounds "7"]
[EventCountry "ESP"]
[SourceTitle "Ajedrez en Madrid"]
[Source "lmi"]
[SourceDate "2015.06.26"]
[SourceVersion "1"]
[SourceVersionDate "2018.04.15"]
[SourceQuality "1"]

1. d4 Nf6 2. Nf3 e6 3. Bf4 c5 4. e3 b6 5. Nbd2 Be7 6. Bd3 cxd4 7. exd4 Bb7 8.
c3 d6 9. O-O O-O 10. Qc2 Nbd7 11. h3 Re8 12. Rfe1 Bf8 13. Bh2 Qc7 14. Ng5 g6
15. Nge4 Rad8 16. Nxf6+ Nxf6 17. Ne4 Nxe4 18. Bxe4 Rc8 19. Bxb7 Qxb7 20. Qe4
Qd7 21. Rad1 b5 22. Qe2 Rc7 23. h4 Rec8 24. d5 e5 25. f4 exf4 26. Bxf4 Rc4 27.
g3 a5 28. a3 h5 29. Bg5 Rg4 30. Rd3 b4 31. axb4 axb4 32. Kg2 bxc3 33. Rxc3 Rb8
34. b3 Rgb4 35. Qf3 Qb7 36. Rf1 Re8 37. Bf6 Rbe4 38. Rd3 Qd7 39. Rf2 Re1 40.
Bc3 R1e5 41. Bxe5 Rxe5 42. Re3 Bg7 43. Rxe5 Bxe5 44. Qd3 Qg4 45. Rf3 Kg7 46.
Qc4 Qd7 47. Qc6 Qa7 48. Qa4 Qc5 49. Qc4 Qa3 50. Qc7 Bf6 51. Qc2 Bd4 52. Qd2 Bc5
53. Rd3 Qa7 54. Qc3+ Kg8 55. Rd2 Qb7 56. Qc4 Qe7 57. Re2 Qb7 58. Re8+ Kg7 59.
Qc3+ f6 60. Qd3 Qa7 61. Qe4 Qa2+ 62. Qe2 1-0

[Event "4. Obert Internacional Masdenverge 2015"]
[Site "Masdenverge ESP"]
[Date "2015.06.28"]
[Round "6.5"]
[White "Galimany Rovira, Xavier"]
[Black "Miquel Juan, Marcelo"]
[Result "1-0"]
[WhiteElo "2060"]
[BlackElo "2025"]
[PlyCount "111"]
[EventDate "2015.06.26"]
[EventType "swiss"]
[EventRounds "7"]
[EventCountry "ESP"]
[SourceTitle "Ajedrez en Madrid"]
[Source "lmi"]
[SourceDate "2015.06.26"]
[SourceVersion "1"]
[SourceVersionDate "2018.04.15"]
[SourceQuality "1"]

1. c4 Nf6 2. g3 g6 3. Bg2 d5 4. cxd5 Nxd5 5. Nc3 Nb6 6. d3 Bg7 7. Be3 O-O 8.
Qd2 Re8 9. Bh6 Bh8 10. h4 Nc6 11. Nf3 Bg4 12. h5 Nd5 13. hxg6 fxg6 14. Rc1 Nxc3
15. bxc3 e5 16. Rb1 e4 17. dxe4 Na5 18. Qc2 Qf6 19. O-O Bxf3 20. Bxf3 g5 21.
Rb5 Qxh6 22. Rxa5 b6 23. Rd5 Be5 24. Bg4 Rad8 25. Rfd1 Rd6 26. R1d3 Kh8 27. Qa4
Qg6 28. Rxd6 Bxd6 29. Bf5 Qh5 30. Qd7 Re7 31. Qd8+ Qe8 32. Qxe8+ Rxe8 33. e3
Kg7 34. Kg2 a5 35. a4 Re7 36. f4 Bc5 37. Kf3 Kf6 38. g4 h6 39. Rd8 Kg7 40. e5
b5 41. axb5 a4 42. Bc2 a3 43. Bb3 Bb6 44. Rb8 Ba7 45. Ra8 Bc5 46. e6 Kf6 47.
Rf8+ Kg7 48. Rf7+ Rxf7 49. exf7 Kf6 50. Ke4 Bd6 51. Bc4 Bc5 52. Kd5 Bd6 53. b6
Ke7 54. f8=Q+ Kxf8 55. b7 Ke7 56. Kc6 1-0

[Event "4. Obert Internacional Masdenverge 2015"]
[Site "Masdenverge ESP"]
[Date "2015.06.28"]
[Round "6.8"]
[White "Buch Prades, Joan"]
[Black "Dan, Teodor"]
[Result "1-0"]
[WhiteElo "2093"]
[BlackElo "1791"]
[PlyCount "47"]
[EventDate "2015.06.26"]
[EventType "swiss"]
[EventRounds "7"]
[EventCountry "ESP"]
[SourceTitle "Ajedrez en Madrid"]
[Source "lmi"]
[SourceDate "2015.06.26"]
[SourceVersion "1"]
[SourceVersionDate "2018.04.15"]
[SourceQuality "1"]

1. d4 g6 2. c4 Nf6 3. Nc3 Bg7 4. e4 d6 5. Bd3 O-O 6. Nge2 e5 7. d5 a5 8. O-O
Na6 9. Ng3 Nc5 10. Be2 Ne8 11. Be3 b6 12. a3 f5 13. exf5 gxf5 14. f4 e4 15. Nh5
Bh8 16. Qe1 Ng7 17. Qg3 Qe7 18. b4 Nb7 19. Nb5 Qf7 20. Bd4 Qg6 21. Qxg6 hxg6
22. Nf6+ Kf7 23. Nh7 Rd8 24. Nxc7 1-0

[Event "4. Obert Internacional Masdenverge 2015"]
[Site "Masdenverge ESP"]
[Date "2015.06.28"]
[Round "6.9"]
[White "Jausas Lopez, Andrea"]
[Black "Romero Pallares, Daniel"]
[Result "0-1"]
[WhiteElo "1638"]
[BlackElo "2070"]
[PlyCount "76"]
[EventDate "2015.06.26"]
[EventType "swiss"]
[EventRounds "7"]
[EventCountry "ESP"]
[SourceTitle "Ajedrez en Madrid"]
[Source "lmi"]
[SourceDate "2015.06.26"]
[SourceVersion "1"]
[SourceVersionDate "2018.04.15"]
[SourceQuality "1"]

1. Nf3 g6 2. g3 Bg7 3. Bg2 d6 4. d4 Nf6 5. O-O O-O 6. c4 Nbd7 7. Nc3 e5 8. d5
a5 9. b3 Nh5 10. Bb2 f5 11. a3 b6 12. b4 h6 13. Na4 e4 14. Nd4 Ne5 15. Nc6 Qe8
16. Nxe5 Bxe5 17. Qc2 Bd7 18. Nc3 Qe7 19. f4 exf3 20. Bxf3 Qg5 21. Bc1 Qf6 22.
Bd2 Ng7 23. Rac1 h5 24. Bg2 Qe7 25. Bf4 Bd4+ 26. Kh1 g5 27. Bd2 h4 28. e4 hxg3
29. Ne2 Be5 30. Nxg3 f4 31. Ne2 axb4 32. Bxb4 g4 33. Ng1 Nh5 34. Nf3 gxf3 35.
Bxf3 Qh7 36. Rg1+ Ng3+ 37. Kg2 Qh3+ 38. Kf2 Bd4+ 0-1

[Event "4. Obert Internacional Masdenverge 2015"]
[Site "Masdenverge ESP"]
[Date "2015.06.28"]
[Round "6.10"]
[White "Garcia Escoda, Marc"]
[Black "Palacios Herrero, Pablo"]
[Result "0-1"]
[WhiteElo "1324"]
[BlackElo "2064"]
[PlyCount "90"]
[EventDate "2015.06.26"]
[EventType "swiss"]
[EventRounds "7"]
[EventCountry "ESP"]
[SourceTitle "Ajedrez en Madrid"]
[Source "lmi"]
[SourceDate "2015.06.26"]
[SourceVersion "1"]
[SourceVersionDate "2018.04.15"]
[SourceQuality "1"]

1. e4 e6 2. d4 d5 3. Nd2 Nf6 4. Bd3 c5 5. c3 Nc6 6. Ngf3 Qb6 7. O-O cxd4 8.
Nxd4 Nxd4 9. cxd4 Qxd4 10. Nb3 Qb6 11. Be3 Qd8 12. e5 Nd7 13. f4 Be7 14. Qg4 g6
15. Rf3 b6 16. Rh3 Nc5 17. Bc2 Ba6 18. Nxc5 bxc5 19. Ba4+ Kf8 20. Qf3 Bd3 21.
g4 Be4 22. Qf1 d4 23. Bd2 Rb8 24. Bb3 Bd5 25. Bxd5 Qxd5 26. b3 Rd8 27. f5 exf5
28. gxf5 Qxe5 29. fxg6 hxg6 30. Re1 Qg7 31. Rxh8+ Qxh8 32. Ba5 Bd6 33. Qe2 Rb8
34. Bc7 Bxc7 35. Qe7+ Kg7 36. Qxc7 Qc8 37. Qe5+ Kg8 38. Qf4 Rb7 39. Rc1 Re7 40.
Qd6 Qg4+ 41. Kh1 Qf3+ 42. Kg1 Qe3+ 43. Kg2 Qd2+ 44. Kh3 Re3+ 45. Kg4 Qg2+ 0-1

[Event "4. Obert Internacional Masdenverge 2015"]
[Site "Masdenverge ESP"]
[Date "2015.06.28"]
[Round "7.1"]
[White "Perez Gisbert, Santiago"]
[Black "Asensio Linan, Teodoro"]
[Result "1-0"]
[WhiteElo "1938"]
[BlackElo "2168"]
[PlyCount "55"]
[EventDate "2015.06.26"]
[EventType "swiss"]
[EventRounds "7"]
[EventCountry "ESP"]
[SourceTitle "Ajedrez en Madrid"]
[Source "lmi"]
[SourceDate "2015.06.26"]
[SourceVersion "1"]
[SourceVersionDate "2018.04.15"]
[SourceQuality "1"]

1. e4 d5 2. exd5 Qxd5 3. Nc3 Qa5 4. d4 Nf6 5. Bd2 Qb6 6. Nf3 Bg4 7. Bc4 Nbd7 8.
h3 Bh5 9. g4 Bg6 10. g5 Ne4 11. Nd5 Qd6 12. Bf4 e5 13. dxe5 Qc5 14. Qe2 Qa5+
15. c3 c6 16. b4 Nxc3 17. bxa5 Nxe2 18. Nc7+ Kd8 19. Kxe2 Rc8 20. e6 fxe6 21.
Nxe6+ Ke8 22. Rad1 b5 23. axb6 axb6 24. Nc7+ Ke7 25. Rhe1 Kd8 26. Be6 Rxc7 27.
Bxc7+ Kxc7 28. Rxd7+ 1-0

[Event "4. Obert Internacional Masdenverge 2015"]
[Site "Masdenverge ESP"]
[Date "2015.06.28"]
[Round "7.2"]
[White "Roig Aguilar, Alejandro"]
[Black "Guasch Figuerola, Agusti"]
[Result "1/2-1/2"]
[WhiteElo "2199"]
[BlackElo "2055"]
[PlyCount "76"]
[EventDate "2015.06.26"]
[EventType "swiss"]
[EventRounds "7"]
[EventCountry "ESP"]
[SourceTitle "Ajedrez en Madrid"]
[Source "lmi"]
[SourceDate "2015.06.26"]
[SourceVersion "1"]
[SourceVersionDate "2018.04.15"]
[SourceQuality "1"]

1. d4 e6 2. c4 f5 3. g3 Nf6 4. Bg2 c6 5. Nd2 d5 6. Nh3 Bd6 7. Nf3 O-O 8. O-O
Nbd7 9. Bf4 Be7 10. Qc2 Ne4 11. Ne5 g5 12. Nxd7 Bxd7 13. Be5 Nd6 14. Bxd6 Bxd6
15. f4 g4 16. Nf2 b5 17. b3 h5 18. Nd3 h4 19. Rfc1 Qe7 20. a4 a6 21. Ra2 Rfc8
22. axb5 axb5 23. c5 Bc7 24. Rca1 Qd8 25. Kf2 h3 26. Bf1 Kg7 27. Qd2 Kg6 28.
Nb4 Qe8 29. Ra7 Rxa7 30. Rxa7 Bd8 31. Qa2 Rc7 32. Ra8 Bc8 33. Na6 Bxa6 34. Qxa6
Qd7 35. e3 Kf7 36. Bd3 Ke7 37. Ke2 Kf7 38. Kd2 Ke7 1/2-1/2

[Event "4. Obert Internacional Masdenverge 2015"]
[Site "Masdenverge ESP"]
[Date "2015.06.28"]
[Round "7.3"]
[White "Fernandez Soriano, Ruben"]
[Black "Pla Andreu, Abraham"]
[Result "1-0"]
[WhiteElo "2131"]
[BlackElo "1978"]
[PlyCount "65"]
[EventDate "2015.06.26"]
[EventType "swiss"]
[EventRounds "7"]
[EventCountry "ESP"]
[SourceTitle "Ajedrez en Madrid"]
[Source "lmi"]
[SourceDate "2015.06.26"]
[SourceVersion "1"]
[SourceVersionDate "2018.04.15"]
[SourceQuality "1"]

1. d4 Nf6 2. c4 c5 3. d5 b5 4. a4 bxc4 5. Nc3 d6 6. e4 g6 7. f4 Nbd7 8. Nf3 Bg7
9. Bxc4 O-O 10. a5 Rb8 11. O-O Rb4 12. Qe2 Nb8 13. e5 Ne8 14. b3 Nc7 15. Ba3
Rb7 16. Bb2 a6 17. Rfe1 e6 18. Rad1 exd5 19. Nxd5 Nxd5 20. Rxd5 Qxa5 21. Rxd6
Re7 22. Ng5 Qc7 23. Qf2 h6 24. Rxg6 Bf5 25. Rxg7+ Kxg7 26. Qg3 Kh8 27. Qh4 Kg7
28. Ne4 Re6 29. Nd6 Bc2 30. f5 Rg6 31. fxg6 fxg6 32. e6+ Kh7 33. e7 1-0